000
00201nam a2200085Ia 4500
008
120527s9999 xx 000 0 und d
100
_a
Henshin, M. James
245
_a
Essentials of sociology
942
_c
BK
999
_c
27738
_d
27738